Statistics for Countries, US States, Capitals, Elements, 100 Most Common Words: Ending with IN

Click here to take the quiz!

General Stats

  • This quiz has been taken 338 times
  • The average score is 6 of 12

Answer Stats

ANSWER% Correct
Benin
77%
In
69%
Tin
69%
Spain
49%
Bahrain
48%
Dublin
47%
Berlin
46%
Austin
45%
Wisconsin
40%
Liechtenstein
28%
Port-of-Spain
20%
Bloemfontein
16%

Score Distribution

Percentile by Number Answered

Percent of People with Each Score

Your Score History

You have not taken this quiz